Miesten Kolmonen Itä 2026 - Statistics

Yleistilastot
  • Tätä visaa on pelattu 8 kertaa
  • Keskiarvotulos 14 / 28
Vastaustilastot
Paikkakunta Joukkue % Oikein
Hamina HaPK
100%
Joensuu JIPPO 2
100%
Jyväskylä JJK 2
100%
Kouvola (Kuusankoski) Kumu
100%
Kuopio KuPS 3
100%
Lappeenranta LAUTP
100%
Lappeenranta LAUTP 2
100%
Mikkeli MP 2
100%
Savonlinna STPS
100%
Jyväskylä FC Blackbird
50%
Jyväskylä (Vaajakoski) FC Vaajakoski 2
50%
Imatra IPS
50%
Jyväskylä JPS
50%
Keuruu KeuPa
50%
Lemi KoPa
50%
Mikkeli MiPK
50%
Kotka (Karhula) PeKa
50%
Iisalmi PK-37
50%
Kuopio Zulimanit
50%
Jyväskylä FC Metso
0%
Kuopio Kings SC
0%
Kouvola KJP
0%
Jyväskylä Komeetat
0%
Lappeenranta Kultsu
0%
Rääkkylä NiemU
0%
Pieksämäki SaPa
0%
Siilinjärvi ToU
0%
Liperi Yllätys
0%
Ehtoja vastaavia visoja ei löytynyt
Tulosjakauma
Jokaisen tuloksen saaneiden osuus
Persentiili vastausten määrän mukaan
Tuloshistoriasi
Et ole pelannut tätä visaa